[Event "Berlin Lichtenberger op 18th"]
[Site "Berlin"]
[Date "2019.08.22"]
[Round "6"]
[White "Udet, Fabian"]
[Black "Villuela, Roberto"]
[Result "0-1"]
[WhiteElo "1684"]
[BlackElo "1787"]
[PlyCount "74"]
[EventDate "2019.08.17"]
[EventType "swiss"]
[EventRounds "9"]
[EventCountry "GER"]
[SourceTitle "EXT 2020"]
[Source "ChessBase"]
[SourceDate "2019.10.17"]
[SourceVersion "1"]
[SourceVersionDate "2019.10.17"]
[SourceQuality "1"]

1. e4 e5 2. f4 exf4 3. Nf3 Be7 4. Bc4 Bh4+ 5. Kf1 d5 6. exd5 Bg4 7. d4 Ne7 8. Bxf4 0-0 9. h3 Bxf3 10. Qxf3 Nd7 11. g3 Bf6 12. c3 Nb6 13. Bd3 Nbxd5 14. Be4 c6 15. Nd2 Nxf4 16. Qxf4 Nd5 17. Qf3 Bg5 18. Nc4 f5 19. Bxd5+ Qxd5 20. Qxd5+ cxd5 21. Ne5 Rae8 22. h4 Bd8 23. Kg2 Re7 24. Rae1 Rfe8 25. Re2 Bc7 26. Rhe1 Bxe5 27. Rxe5 Rxe5 28. Rxe5 Rxe5 29. dxe5 Kf7 30. Kf3 Ke6 31. Kf4 b5 32. b3 a5 33. h5 b4 34. c4 dxc4 35. bxc4 a4 36. Ke3 b3 37. axb3 a3 0-1

[Event "Berlin Lichtenberger op 18th"]
[Site "Berlin"]
[Date "2019.08.17"]
[Round "1"]
[White "Villuela, Roberto"]
[Black "Syre, Christian"]
[Result "1/2-1/2"]
[WhiteElo "1787"]
[BlackElo "2198"]
[PlyCount "85"]
[EventDate "2019.08.17"]
[EventType "swiss"]
[EventRounds "9"]
[EventCountry "GER"]
[SourceTitle "EXT 2020"]
[Source "ChessBase"]
[SourceDate "2019.10.17"]
[SourceVersion "1"]
[SourceVersionDate "2019.10.17"]
[SourceQuality "1"]

1. d4 Nf6 2. Bf4 c5 3. e3 e6 4. Nf3 b6 5. Bd3 Be7 6. h3 Bb7 7. 0-0 Nc6 8. c3 0-0 9. Nbd2 Rc8 10. Qe2 d6 11. Rfd1 Qc7 12. Ne4 cxd4 13. exd4 Rfe8 14. Nfg5 Nxe4 15. Bxe4 Bxg5 16. Bxg5 Ne7 17. Bxb7 Qxb7 18. Bxe7 Qxe7 19. Rd3 Rc7 20. Re3 Qf6 21. Re1 Rec8 22. Qa6 g6 23. a3 Qf5 24. Qe2 b5 25. Qf3 Qxf3 26. Rxf3 Kg7 27. Kf1 h5 28. h4 a5 29. Ke2 b4 30. axb4 axb4 31. Kd2 Ra7 32. Kc2 d5 33. Rc1 bxc3 34. Rxc3 Rb8 35. Rb1 Rb4 36. Rd3 Rc7+ 37. Kd2 Kf8 38. b3 Ke7 39. Ra1 Rcb7 40. Kc2 Rc7+ 41. Kd2 Rcb7 42. Kc2 Rc7+ 43. Kd2 1/2-1/2

[Event "KEN-chT"]
[Site "Nairobi"]
[Date "2019.05.19"]
[Round "15.2"]
[White "Gichuhi, Brian Chege"]
[Black "Villuela, Roberto"]
[Result "1/2-1/2"]
[WhiteElo "1592"]
[BlackElo "1839"]
[PlyCount "147"]
[EventDate "2019.02.09"]
[EventType "team-tourn"]
[EventRounds "27"]
[EventCountry "KEN"]
[SourceTitle "CBM 192 Extra"]
[Source "Chessbase"]
[SourceDate "2019.11.06"]
[SourceVersion "1"]
[SourceVersionDate "2019.11.06"]
[SourceQuality "1"]
[WhiteTeam "Jomo Kenyatta University"]
[BlackTeam "Nairobi CC"]
[WhiteTeamCountry "KEN"]
[BlackTeamCountry "KEN"]

1. e4 e5 2. Nf3 Nc6 3. Bc4 Bc5 4. d4 exd4 5. 0-0 d6 6. c3 Bg4 7. Qb3 Na5 8. Qa4+ c6 9. Bxf7+ Kxf7 10. b4 Bxf3 11. gxf3 b5 12. Qd1 Nc4 13. bxc5 dxc5 14. f4 Qh4 15. cxd4 Rd8 16. Qf3 cxd4 17. e5 Ne7 18. Nd2 Rhf8 19. Ne4 Kg8 20. Nc5 Rd5 21. Ne6 Rf5 22. Qg3 Qxg3+ 23. hxg3 Rf7 24. Rd1 c5 25. Nc7 Rd8 26. Nxb5 Nd5 27. a4 a6 28. Na3 Nc3 29. Nxc4 Nxd1 30. Bd2 Nc3 31. Bxc3 dxc3 32. Nd6 Rfd7 33. Rc1 Rxd6 34. exd6 Rxd6 35. Rxc3 Rc6 36. Kf1 Kf7 37. Ke2 Ke6 38. Kd3 Kd5 39. Rc2 c4+ 40. Kc3 Rb6 41. Rd2+ Kc5 42. Rd7 Rb3+ 43. Kc2 Rf3 44. Rxg7 Rxf2+ 45. Kc1 Kb4 46. Rxh7 Kxa4 47. Rb7 a5 48. Rb6 Ka3 49. Rb5 a4 50. f5 Rg2 51. g4 Rxg4 52. Kc2 Rg3 53. f6 Rf3 54. Rb6 Ka2 55. Rb2+ Ka3 56. Rb6 c3 57. f7 Rxf7 58. Kxc3 Rf2 59. Rb1 Rf3+ 60. Kc2 Rf2+ 61. Kc3 Rf3+ 62. Kc2 Rb3 63. Ra1+ Kb4 64. Rb1 Ka3 65. Ra1+ Kb4 66. Rb1 Kc4 67. Rxb3 axb3+ 68. Kb2 Kb4 69. Kb1 Kc3 70. Kc1 Kd4 71. Kb2 Kc4 72. Kb1 Kd3 73. Kb2 Kc4 74. Kb1 1/2-1/2